| 000 -ლიდერი |
| ფიქსირებული სიგრძის საკონტროლო ველი |
01115nam a22002657a 4500 |
| 003 - საკონტროლო ნომრის იდენტიფიკატორი |
| საკონტროლო ველი |
Ge_BSU |
| 005 - ბოლო ოპერაციის თარიღი და დრო |
| საკონტროლო ველი |
20231213151350.0 |
| 008 - ფიქსირებული სიგრძის მონაცემთა ელემენტები - ზოგადი ინფორმაცია |
| ფიქსირებული სიგრძის საკონტროლო ველი |
231213s2015 ge ||||| |||| 00| 0 geo d |
| 020 ## - წიგნის საერთაშორისო სტანდარტული ნომერი |
| International Standard Book Number |
9789941459078 |
| 041 ## - ენის კოდი |
| Language code of text/sound track or separate title |
geo |
| 080 ## - უნივერსალური ათობითი კლასიფიკაციის ინდექსი |
| Universal Decimal Classification number |
747(042.4)+635.91(042.4) ბ-48 |
| 100 ## - მთავარი ჩანაწერი - პიროვნების სახელი |
| Personal name |
ბენიძე, ე. |
| 9 (RLIN) |
20708 |
| 245 ## - ცნობა სათაურის შესახებ |
| Title |
ფიტოდიზაინი : |
| Remainder of title |
ლექციების კურსი / |
| Statement of responsibility, etc |
ე. ბენიძე, ი. ოჩხიკიძე, ქ. ქუთელია; აწსუ. |
| 264 ## - წარმოების, გამოცემის, დისტრიბუციის და სხვა ცნობები |
| გამოცემის, წარმოების, დისტრიბუციის... ადგილი |
ქუთაისი: |
| გამოცემის, წარმოების, დისტრიბუციის... სახელწოდება |
აწსუ, |
| გამოცემის, წარმოების, დისტრიბუციის... თარიღი |
2015. |
| 300 ## - ფიზიკური აღწერა |
| Extent |
197 გვ. : |
| Other physical details |
ილ.; |
| Dimensions |
28 სმ. |
| 501 ## - შენიშვნა თანმხლებ მასალაზე |
| With note |
დანართი გვ. 187-192 |
| 504 ## - BIBLIOGRAPHY, ETC. NOTE |
| Bibliography, etc |
ბიბლიოგრ. გვ. 193 |
| 653 ## - INDEX TERM--UNCONTROLLED |
| Uncontrolled term |
ფიტოდიზაინი |
| 653 ## - INDEX TERM--UNCONTROLLED |
| Uncontrolled term |
პრაქტიკული ფლორისტიკა |
| 653 ## - INDEX TERM--UNCONTROLLED |
| Uncontrolled term |
ტერარიუმი |
| 700 ## - ADDED ENTRY--PERSONAL NAME |
| Personal name |
ოჩხიკიძე, ი. |
| Relator term |
ავტორი |
| 9 (RLIN) |
20709 |
| 700 ## - ADDED ENTRY--PERSONAL NAME |
| Personal name |
ქუთელია, ქ. |
| Relator term |
ავტორი |
| 9 (RLIN) |
20710 |
| 710 ## - ADDED ENTRY--CORPORATE NAME |
| Corporate name or jurisdiction name as entry element |
აწსუ. |
| 9 (RLIN) |
15267 |
| 942 ## - ADDED ENTRY ELEMENTS (KOHA) |
| Source of classification or shelving scheme |
|
| Koha item type |
წიგნი |